logo

Bir Sreshtho Munshi Abdur Rouf Library
Jhenaidah Cadet College

Romeo & Juliet / (Record no. 6893)

MARC details
000 -LEADER
fixed length control field 00941nam a2200313 a 4500
001 - CONTROL NUMBER
JCCL Control Number 6893
003 - CONTROL NUMBER IDENTIFIER
JCCL marc code BD-JhCC
005 - DATE AND TIME OF LATEST TRANSACTION
control field 20180422091646.0
008 - FIXED-LENGTH DATA ELEMENTS--GENERAL INFORMATION
fixed length control field 180131s1801 pau s 000 0 eng d
035 ## - SYSTEM CONTROL NUMBER
system control number (BD-JhCC)6893
040 ## - CATALOGING SOURCE
Original cataloging agency BD-JhCC
Transcribing agency MWA
Modifying agency BD-JhCC
041 ## - LANGUAGE CODE
Language code of Book eng
082 ## - DEWEY DECIMAL CLASSIFICATION NUMBER
Classification number 822.33
Author mark and Year SHA 1801
091 ## - MICROFILM SHELF LOCATION (AM) [OBSOLETE]
Microfilm shelf location ecol
100 1# - MAIN ENTRY--PERSONAL NAME
Personal name Shakespeare, William,
Dates associated with a name 1564-1616.
240 10 - UNIFORM TITLE
Uniform title Romeo and Juliet
245 10 - TITLE STATEMENT
Title Romeo & Juliet /
Statement of responsibility, etc by William Shakespeare ; Ralph E. E. Houghton
250 ## - EDITION STATEMENT
Edition statement 1st American ed.
260 ## - PUBLICATION, DISTRIBUTION, ETC. (IMPRINT)
Place of publication, distribution, etc Philadelphia :
Name of publisher, distributor, etc Printed and sold by John Bioren,
Date of publication, distribution, etc 1801.
300 ## - PHYSICAL DESCRIPTION
Pagination 192 p.
Dimensions 18 cm.
506 ## - RESTRICTIONS ON ACCESS NOTE
Terms governing access Subscription and registration required for access.
510 4# - CITATION/REFERENCES NOTE
Name of source Shaw & Shoemaker
Location within source 50252
650 ## - SUBJECT ADDED ENTRY--TOPICAL TERM
Topical term or geographic name as entry element Drama
700 1# - ADDED ENTRY--PERSONAL NAME
Personal name Houghton, Ralph E. E.
830 #0 - SERIES ADDED ENTRY--UNIFORM TITLE
Uniform title Early American imprints.
Volume number/sequential designation no. 50252.
856 41 - ELECTRONIC LOCATION AND ACCESS
Uniform Resource Identifier http://opac.newsbank.com/select/shaw/50252
942 ## - ADDED ENTRY ELEMENTS (KOHA)
Source of classification or shelving scheme Dewey Decimal Classification
Koha item type Books
Holdings
Source of classification or shelving scheme Damaged status Not for loan Home library Current library Shelving location Total Checkouts Full call number Barcode Date last seen Copy number Koha item type
Dewey Decimal Classification     JCC Rouf Library JCC Rouf Library General Stacks   822.33 SHA 1801 8922 01/31/2018 C-1 Books

JCC Library | Contacts | JCC Home

Last Update on 23 September 2017
Copyright @ 2017-2020 JCC Rouf Library
Rouf Library, Jhenidah Cadet College (JCC), Bangladesh